Designing kinetics for architectural facades : (Record no. 27128)
[ view plain ]
| 000 -LEADER | |
|---|---|
| fixed length control field | 01797cam a22003495i 4500 |
| 001 - CONTROL NUMBER | |
| control field | 015762013 |
| 003 - CONTROL NUMBER IDENTIFIER | |
| control field | Uk |
| 005 - DATE AND TIME OF LATEST TRANSACTION | |
| control field | 20190212142153.0 |
| 008 - FIXED-LENGTH DATA ELEMENTS--GENERAL INFORMATION | |
| fixed length control field | 101122s2011 enka frb 001 0 eng d |
| 015 ## - | |
| -- | GBB127414 |
| -- | bnb |
| 016 7# - | |
| -- | 015762013 |
| -- | Uk |
| 020 ## - INTERNATIONAL STANDARD BOOK NUMBER | |
| International Standard Book Number | 9780521133074 |
| 020 ## - INTERNATIONAL STANDARD BOOK NUMBER | |
| International Standard Book Number | 0521133076 |
| 040 ## - CATALOGING SOURCE | |
| Original cataloging agency | StDuBDS |
| Language of cataloging | eng |
| Transcribing agency | StDuBDS |
| Modifying agency | Uk |
| -- | EG-ScBUE |
| 082 04 - DEWEY DECIMAL CLASSIFICATION NUMBER | |
| Classification number | 729.1 |
| Edition number | 22 |
| Item number | MOL |
| 100 1# - MAIN ENTRY--PERSONAL NAME | |
| Personal name | Moloney, Jules. |
| 245 10 - TITLE STATEMENT | |
| Title | Designing kinetics for architectural facades : |
| Remainder of title | state change / |
| Statement of responsibility, etc | Jules Moloney. |
| 246 30 - VARYING FORM OF TITLE | |
| Title proper/short title | State change |
| 264 #1 - PUBLICATION, DISTRIBUTION, ETC. (IMPRINT) | |
| Place of publication, distribution, etc | Oxon, England ; |
| -- | New York : |
| Name of publisher, distributor, etc | Routledge / Taylor & Francis Group, |
| Date of publication, distribution, etc | 2011. |
| 300 ## - PHYSICAL DESCRIPTION | |
| Extent | xiii, 178 pages : |
| Other physical details | illustrations ; |
| Dimensions | 25 cm. |
| 336 ## - CONTENT TYPE | |
| Content type term | text |
| Source | rdacontent |
| 337 ## - MEDIA TYPE | |
| Media type term | unmediated |
| Source | rdamedia |
| 338 ## - CARRIER TYPE | |
| Carrier type term | volume |
| Source | rdacarrier |
| 504 ## - BIBLIOGRAPHY, ETC. NOTE | |
| Bibliography, etc | Includes bibliographical references and index. |
| 505 ## - FORMATTED CONTENTS NOTE | |
| Formatted contents note | 1. Movement at the periphery --<br/>2. Kinetic precedent --<br/>3. Systems, fields and reflexivity --<br/>4. Kinetic art --<br/>5. Decision planes --<br/>6. Experiments with kinetic pattern --<br/>7. All at sea : a provisional taxonomy --<br/>8. State change. |
| 520 ## - SUMMARY, ETC. | |
| Summary, etc | <br/>Architectural facades now have the potential to be literally kinetic, through automated sunscreens and a range of animated surfaces. This book explores the aesthetic potential of these new types of moving facades.€From critique of theory and practice in architecture, discourse within kinetic arts and the generation of a series of computer animations, a theory of composition and a language of design for kinetic architectural facades is developed |
| 650 #7 - SUBJECT ADDED ENTRY--TOPICAL TERM | |
| Topical term or geographic name as entry element | Facades |
| General subdivision | Designs and plans. |
| Source of heading or term | BUEsh |
| 9 (RLIN) | 41988 |
| 650 #7 - SUBJECT ADDED ENTRY--TOPICAL TERM | |
| Topical term or geographic name as entry element | Motion in architecture. |
| Source of heading or term | BUEsh |
| 9 (RLIN) | 41989 |
| 650 #7 - SUBJECT ADDED ENTRY--TOPICAL TERM | |
| Topical term or geographic name as entry element | Architectural design. |
| Source of heading or term | BUEsh |
| 9 (RLIN) | 3345 |
| 653 ## - INDEX TERM--UNCONTROLLED | |
| Resource For college | Engineering, Architecture |
| Arrived date list | February2019 |
| 942 ## - ADDED ENTRY ELEMENTS (KOHA) | |
| Source of classification or shelving scheme | Dewey Decimal Classification |
| Koha item type | Book - Borrowing |
| Withdrawn status | Lost status | Source of classification or shelving scheme | Damaged status | Not for loan | Collection code | Home library | Current library | Shelving location | Date acquired | Source of acquisition | Cost, normal purchase price | Serial Enumeration / chronology | Total Checkouts | Total Renewals | Full call number | Barcode | Date last seen | Date checked out | Cost, replacement price | Price effective from | Koha item type |
|---|---|---|---|---|---|---|---|---|---|---|---|---|---|---|---|---|---|---|---|---|---|
| Dewey Decimal Classification | Scientific home BookShop | Central Library | Central Library | Second Floor | 12/02/2019 | Purchase | 420.00 | 2690 | 1 | 1 | 729.1 MOL | 000044197 | 17/12/2025 | 26/01/2025 | 525.00 | 12/02/2019 | Book - Borrowing |